| 000 | 00576nam a22001697a 4500 | ||
|---|---|---|---|
| 003 | OSt | ||
| 005 | 20260316123548.0 | ||
| 008 | 260316b |||||||| |||| 00| 0 eng d | ||
| 040 | _cMRSPTU | ||
| 041 | _aEnglish | ||
| 100 | _aSukhman Chawla, Supervisor: Deepika Sahni | ||
| 245 | _aImpact of Population Density and Housing Typology on Spread of Covid-19 (First Wave): A Case of Bathinda City | ||
| 260 |
_bDepartment of Architecture, MRSPTU, Bathinda _c2023 |
||
| 650 | _aArchitecture | ||
| 856 | _uhttp://163.47.215.52:8080/jspui/handle/123456789/862 | ||
| 942 |
_2ddc _cTH _n0 |
||
| 999 |
_c11152 _d11152 |
||